Cuaderno de clase : Historia de España : (3º de B.U.P.)
Gespeichert in:
| Körperschaft: | |
|---|---|
| Weitere Verfasser: | |
| Format: | Buch |
| Sprache: | Spanisch |
| Erschienen: |
Salamanca :
Universidad de Salamanca,
1983
|
| Ausgabe: | 2ª ed. |
| Katalog: | MANES: Suchergebnis im Bibliothekskatalog |
| Schulbuchspezifische Eigenschaften: |
|
| Schriftenreihe: | Documentos Didácticos (Universidad de Salamanca) ;
24 |
| Schlagworte: | |
| Tags: |
Tag hinzufügen
Keine Tags, Fügen Sie den ersten Tag hinzu!
|
| Hinzugefügt zu: | 09.02.2019 |
| Geändert in: | 07.05.2025 |
MARC
| LEADER | 00000cam a2200000 i 4500 | ||
|---|---|---|---|
| 005 | 20250507134457.0 | ||
| 008 | 190210s1983 espab fp 000 0 spa d | ||
| 020 | |a 8474812623 | ||
| 040 | |a uned |b spa |c entro-manes | ||
| 245 | 0 | 0 | |a Cuaderno de clase : |b Historia de España : (3º de B.U.P.) / |c autores, Jesús Baigorri ... [et al.], Grupo Cronos, ICE de Salamanca |
| 250 | |a 2ª ed. | ||
| 260 | |a Salamanca : |b Universidad de Salamanca, |c 1983 | ||
| 300 | |a 157 p. : |b il. | ||
| 490 | 1 | |a Documentos Didacticos | |
| 546 | |a España | ||
| 561 | |5 es-BUNED |3 L.T.M. 2427 |a España. Fondo Manes UNED |k MANES | ||
| 690 | 0 | |a HI | |
| 650 | 7 | |a Material didáctico | |
| 691 | 0 | |a SE | |
| 700 | 1 | |a Baigorri Jalón, Jesús . |9 38480 | |
| 710 | 2 | |a Grupo Cronos . |9 36927 | |
| 830 | 0 | |a Documentos Didácticos (Universidad de Salamanca) ; |v 24 |9 39069 | |
| 942 | |2 ddc |c BK | ||
| 999 | |c 95352 |d 95352 | ||
| 999 | |c manes:95352 |d 95352 | ||